All ATEEZ Songs - Statistics

General Stats
  • This quiz has been taken 1,788 times
    767 since last reset
  • The average score is 57 of 112
Answer Stats
Answer % Correct
Pirate King
90%
BOUNCY (K-HOT CHILI PEPPERS)
87%
WONDERLAND
86%
Treasure
84%
Answer (Ode to Joy) (feat. LA POEM)
83%
HALAZIA
83%
Wave
83%
Answer
82%
Crazy Form
82%
Guerrilla
82%
NOT OKAY
78%
Say My Name
78%
HALA HALA (Hearts Awakened, Live Alive)
77%
MATZ (HONGJOONG, SEONGHWA)
77%
Deja Vu
76%
Fireworks (I'm The One)
75%
IT's You (YEOSANG, SAN, WOOYOUNG)
74%
INCEPTION
70%
THANXX
70%
Youth (YUNHO, MINGI)
70%
Cyberpunk
69%
Don't Stop
69%
The Real - Heung Version
69%
DJANGO
68%
Everything (JONGHO)
68%
Limitless
68%
Utopia
68%
Dreamers
67%
ARRIBA
66%
FEVER
66%
Paradigm
66%
Outlaw
65%
WIN
65%
Dune
64%
Eternal Sunshine
64%
ROCKY
64%
Illusion
62%
Aurora
61%
Turbulence
61%
Take Me Home
60%
This World
60%
Dancing Like Butterfly Wings
59%
New World
59%
Desire
58%
MIST
58%
Promise
58%
Silver Light
58%
Wake Up
58%
The Black Cat Nero
57%
The Leaders
56%
Twilight
56%
Horizon
55%
Precious
54%
Precious (Overture)
54%
The Ring
54%
Star 1117
53%
Crescent
52%
Emergency
52%
Light
52%
Good Lil Boy
51%
Stay
50%
WE KNOW
50%
Celebrate
49%
My Way
49%
Sector 1
49%
THANK U
48%
Dreamy Day
47%
TO THE BEAT
47%
Dazzling Light
45%
INTRO [BEYOND : ZERO]
45%
The Letter
45%
Let's Get Together
42%
OUTRO : Blue Bird
42%
PROPAGANDA
42%
WDIG (Where Do I Go)
42%
Better
41%
Not Too Late
41%
Still Here
41%
DIAMOND
40%
Sunrise
40%
Be With You
39%
One Day At A Time
39%
White Love
38%
WITH U
38%
All About You
37%
If Without You
37%
The King
37%
Time Of Love
36%
Days
35%
Feeling Like I Do
35%
Be My Lover
33%
Blue Summer
33%
FIN : WILL
32%
Beginning of The End
30%
Crescent Part 2
29%
Dear Diary : 2016.07.29
28%
End of The Beginning
28%
Intro: Long Journey
26%
Declaration
22%
Outro: Long Journey
21%
Outro : Over the Horizon
16%
A Little Space (feat. YUNHO, SAN, JONGHO of Ateez)
14%
WAVE (Overture)
14%
Intro : Siren
13%
Outro : Liberty
13%
EENIE MEENIE (Feat. Hongjoong of ATEEZ)
11%
GRAVITY
9%
Like That
9%
Summer Taste
8%
One late night in 1994
3%
Winds
3%
A Fairy Tale of Youth
2%
No matching quizzes found
Score Distribution
Percent of People with Each Score
Percentile by Number Answered
Your Score History
You have not taken this quiz since the last reset